000 00515nam a2200169Ia 4500
003 GCL
008 140319s9999 xx 000 0 eng d
040 _aGCL /
_cGCL
082 0 4 _a892.7
_bV
100 1 _aATTI DELLA ACCADEMIA NAZIONALE DEI LINCE
245 1 0 _aRENDICONTI (SERUS 9,VOL.2,3) /
_cATTI DELLA ACCADEMIA NAZIONALE DEI LINCE
260 _a[S.N] :
_bACCADEMIA NAZIONALE DEI LINCEI ،
_c1991
650 0 4 _aحوادث المرور
650 0 4 _aLINGUISTICS
650 0 4 _aARABIC LANGUAGE
942 _2ddc
_cBK
999 _c12478
_d12478